000
00264nam a2200109Ia 4500
008
200302s9999 xx 000 0 und d
100
_a
Shanay Jhaveri
245
_a
Chandigarh is in India
260
_b
The Shoestring Publisher
260
_c
2016
300
_a
288 P.,
999
_c
4262
_d
4262